000 00622nam a2200241Ia 4500
003 OSt
005 20221005123334.0
006 a|||||r|||| 00| 0
007 ta
008 221004b |||||||| |||| 00| 0 eng d
024 _a61903
037 _cTextual
040 _aCRL
_cCRL
_beng
041 _2eng
_aeng
082 _aS1:4, k1
100 _aChurch Joseph
245 0 _aLanguage and the discovery of reality
_b A developmental psychology of cognition
260 _c1961
300 _avp.
_ccm.
650 _aPSYCHOLOGY
942 _hS1:4, k1
_cTEXL
_2cc
999 _c1047115
_d1047115